[Event "IECC TH-M email"]
[Site "IECC email"]
[Date "2003.01.27"]
[Round "?"]
[White "Chadwick, Charles"]
[Black "Duchemin, Vittorio"]
[Result "0-1"]
[WhiteElo "1877"]
[BlackElo "1768"]
[PlyCount "36"]
[EventDate "2003.??.??"]
[EventType "match (corr)"]
[EventRounds "2"]
[SourceTitle "Corr 2008"]
[Source "ChessBase"]
[SourceDate "2008.06.24"]
[SourceVersion "1"]
[SourceVersionDate "2008.06.24"]
[SourceQuality "1"]

1. e4 c6 2. d4 d5 3. f3 dxe4 4. fxe4 e5 5. Nf3 Be6 6. c3 exd4 7. cxd4 Nf6 8. Bd3 Qb6 9. Nc3 Nbd7 10. 0-0 Ne5 11. Kh1 Nxf3 12. Qxf3 Qxd4 13. Bg5 Ng4 14. Rad1 Qc5 15. Bf4 g5 16. Bc1 0-0-0 17. h3 h5 18. Qe2 Qe5 0-1